OSRS - Most Traded Items on the Grand Exchange (Oldschool Runescape) - Statistics

General Stats
  • This quiz has been taken 113 times
  • The average score is 39 of 100
Answer Stats
# Members Item? Total Trade Count Item % Correct
1 No 45.1b Fire rune
86%
4 No 23.4b Air rune
83%
6 No 18.1b Water rune
80%
8 No 16.9b Death rune
79%
12 No 13.7b Earth rune
79%
51 Yes 1.6b Shark
79%
5 no 21.8b Chaos rune
77%
17 No 7.9b Mind rune
72%
13 No 12.4b Nature rune
72%
7 Yes 16.9b Blood rune
70%
3 No 23.4b Feather
69%
24 Yes 4.2b Rune arrow
68%
70 No 1.1b Oak logs
66%
15 No 9.3b Coal
65%
19 No 5.7b Cosmic rune
65%
43 No 2.1b Yew logs
63%
78 Yes 870.7m Dragon bones
62%
18 No 6.0b Law rune
62%
58 Yes 1.4b Magic logs
62%
22 No 4.2b Adamant arrow
61%
46 No 1.9b Iron ore
61%
2 No 38.0b Pure essence
61%
66 Yes 1.2b Raw shark
61%
35 No 2.6b Maple logs
59%
61 No 1.4b Body rune
58%
54 No 1.5b Vial
56%
23 No 4.2b Gold ore
55%
29 No 3.2b Mithril arrow
54%
32 No 3.0b Gold bar
52%
81 No 853.0m Steel arrow
51%
36 No 2.5b Steel bar
51%
55 No 1.5b Mithril ore
49%
47 Yes 1.9b Oak plank
49%
26 Yes 3.7b Adamant dart
48%
60 No 1.4b Iron arrow
48%
71 Yes 975.9m Rune dart
48%
45 Yes 1.9b Wrath rune
48%
76 Yes 898.6m Dragon arrow
46%
44 Yes 2.0b Mahogany plank
46%
67 no 1.2b Mithril bar
46%
16 Yes 7.9b Soul rune
46%
57 No 1.5b Adamantite ore
45%
97 Yes 639.9m Teak plank
45%
38 No 2.4b Vial of water
45%
20 Yes 4.5b Astral rune
44%
99 Yes 630.4m Cooked Karambwan
44%
75 Yes 906.0m Dragon dart
44%
52 no 1.5b Adamantite bar
42%
33 Yes 2.7b Arrow shaft
42%
30 Yes 3.2b Bow string
42%
28 Yes 3.2b Mithril dart
42%
59 Yes 1.4b Adamant bolts
41%
9 Yes 16.4b Zulrah's scales
41%
50 Yes 1.6b Runite bolts
39%
41 Yes 2.2b Lava rune
38%
14 Yes 10.8b Cannonball
35%
56 Yes 1.5b Mahogany logs
35%
98 Yes 635.7m Battlestaff
32%
25 Yes 4.1b Flax
32%
88 Yes 761.3m Dragon bolts
31%
62 Yes 1.4b Amethyst dart
30%
37 Yes 2.5b Amethyst arrow
28%
73 No 940.2m Jug
28%
85 No 790.7m Fishing bait
25%
69 Yes 1.2b Smoke rune
25%
48 Yes 1.9b Yew longbow
24%
86 Yes 786.5m Yew longbow (u)
24%
34 Yes 2.7b Adamant dart tip
23%
49 Yes 1.9b Dust rune
23%
80 No 859.1m Silver ore
23%
21 No 4.4b Grapes
21%
27 Yes 3.5b Mithril dart tip
21%
90 Yes 702.6m Dragon dart tip
20%
53 No 1.5b Jug of wine
20%
68 Yes 1.2b Magic longbow
20%
93 Yes 671.4m Magic longbow (u)
20%
91 Yes 687.0m Rune dart tip
20%
42 No 2.2b Jug of water
18%
63 Yes 1.4b Molten glass
18%
72 Yes 960.8m Bucket of sand
17%
100 No 629.2m Thread
17%
84 Yes 827.2m Amethyst dart tip
15%
82 Yes 836.2m Diamond bolts (e)
15%
39 Yes 2.3b Sunfire splinters
15%
10 Yes 15.8b Ancient essence
14%
74 Yes 929.5m Dragonstone bolts (e)
11%
31 Yes 3.1b Headless arrow
11%
94 Yes 654.5m Red chinchompa
11%
89 No 713.2m Soft clay
11%
87 Yes 773.2m Air orb
8%
40 Yes 2.2b Swamp tar
8%
83 Yes 835.1m Unpowered orb
7%
79 Yes 860.4m Numulite
6%
11 Yes 14.8b Revenant ether
6%
77 Yes 871.8m Ruby dragon bolts (e)
6%
64 Yes 1.3b Amethyst arrowtips
3%
96 Yes 647.2m Blighted ancient ice sack
3%
65 Yes 1.3b Dragon bolts (unf)
3%
95 Yes 653.4m Amylase crystal
1%
92 Yes 680.6m Forester's ration
0%
No matching quizzes found
Score Distribution
Percent of People with Each Score
Percentile by Number Answered
Your Score History
You have not taken this quiz